Online
Catalog
Normal view MARC view

Entry Nombre personal

Number of records used in: 15

001 - NÚMERO DE CONTROL

  • campo de control: 3425

003 - IDENTIFICADOR DEL NÚMERO DE CONTROL

  • campo de control: BNPHU

005 - FECHA Y HORA DE LA ÚLTIMA TRANSACCIÓN

  • campo de control: 20240226145040.0

008 - DATOS DE LONGITUD FIJA

  • campo de control de longitud fija: 200615|| aca||aabn | a|a d

040 ## - FUENTE DE LA CATALOGACIÓN

  • Centro catalogador/agencia de origen: DO-SdBNP
  • Lengua de catalogación: spa
  • Centro/agencia transcriptor: BNPHU
  • Normas de descripción: rda

100 1# - ENCABEZAMIENTO-NOMBRE DE PERSONA

  • Nombre de persona: Patín Veloz, Enrique

400 1# - TRAZADO DE VÉASE--NOMBRE DE PERSONA

  • Nombre de persona: Veloz, Enrique Patín

400 1# - TRAZADO DE VÉASE--NOMBRE DE PERSONA

  • Nombre de persona: Patín, Enrique

670 ## - FUENTE DE DATOS ENCONTRADOS

  • Cita de la fuente: Reyes Pérez, Rafael Aridio 3424, El mundo no se hizo solo! /, 1973.

670 ## - FUENTE DE DATOS ENCONTRADOS

  • Cita de la fuente: Temas duartianos, 1983

670 ## - FUENTE DE DATOS ENCONTRADOS

  • Cita de la fuente: Apuntes de bibliotecología, 1969,

Powered by Koha